La dominación política y hierocrática: La funcionalidad en Guatemala de un modelo Weberiano /
Uloženo v:
| Hlavní autor: | |
|---|---|
| Médium: | Text |
| Tagy: |
Přidat tag
Žádné tagy, Buďte první, kdo vytvoří štítek k tomuto záznamu!
|
MARC
| LEADER | 00000 a a2200000 04500 | ||
|---|---|---|---|
| 001 | 45358 | ||
| 003 | |||
| 040 | |||
| 090 | |a REV0780 (12)1983 | ||
| 100 | |a Cruz Salazar, José Luis | ||
| 245 | |a La dominación política y hierocrática: |b La funcionalidad en Guatemala de un modelo Weberiano / |c José Luis Cruz Salazar | ||
| 773 | |g número12, III Epoca, (Enero - Junio, 1983), páginas 43-67 | ||
| 999 | |c 32412 |d 32412 | ||
